Welcome to CU Library Online Public Access Catalogue (OPAC)

Administration of corporate affairs professional papr14 (Record no. 5835)

MARC details
000 -LEADER
fixed length control field 00413nam a22001577a 4500
005 - DATE AND TIME OF LATEST TRANSACTION
control field 20250516183752.0
008 - FIXED-LENGTH DATA ELEMENTS--GENERAL INFORMATION
fixed length control field 250516b |||||||| |||| 00| 0 eng d
020 ## - INTERNATIONAL STANDARD BOOK NUMBER
International Standard Book Number 9780751751383
050 ## - LIBRARY OF CONGRESS CALL NUMBER
Classification number HF5549
Item number .12 ADM
245 ## - TITLE STATEMENT
Title Administration of corporate affairs professional papr14
250 ## - EDITION STATEMENT
Edition statement 6th
260 ## - PUBLICATION, DISTRIBUTION, ETC.
Place of publication, distribution, etc. London
Name of publisher, distributor, etc. BPP Publishing Ltd
Date of publication, distribution, etc. c2000
300 ## - PHYSICAL DESCRIPTION
Extent xvi, 480p
710 ## - ADDED ENTRY--CORPORATE NAME
Corporate name or jurisdiction name as entry element ICSA
942 ## - ADDED ENTRY ELEMENTS (KOHA)
Source of classification or shelving scheme Library of Congress Classification
Koha item type Books
Suppress in OPAC No
999 ## -
-- 5835
-- 5835
Holdings
Withdrawn status Lost status Source of classification or shelving scheme Damaged status Not for loan Collection Home library Current library Shelving location Date acquired Total checkouts Full call number Barcode Date last seen Copy number Price effective from Koha item type
    Library of Congress Classification     Non-fiction Undergraduate Library (Christ Temple) Undergraduate Library (Christ Temple) General stacks 05/16/2025   HF5549.12 ADM ulct00002471 05/16/2025 1 05/16/2025 Books
© 2023-2024 Copyright: Central University Libraries. All Rights Reserved | Created by: Mahone Tech Office